Finis le titre de la chanson #3 - Statistiques

Statistiques générales
  • Ce quiz a été pris 646 fois
  • Le résultat moyen est 14 sur 30
Statistiques - réponses
Artistes Chanson Réponse % Correct
Françoise Hardy "Tous les garçons et les..." Filles
92%
Gérard Lenorman "La ballade des gens..." Heureux
92%
Eddy Mitchell "Couleur menthe à l'..." Eau
91%
Manu Chao "Me Gustas..." Tu
86%
Axel Bauer "Eteins la..." Lumière
80%
Ninho "La vie qu'on..." Mène
80%
La Compagnie Créole "Ça fait rire les..." Oiseaux
76%
Serge Lama "Je suis..." Malade
69%
Renaud "Dès que le vent..." Soufflera
63%
Lana Del Rey "Summertime..." Sadness
62%
PNL "La misère est si..." Belle
54%
The Police "Can't Stand Losing..." You
52%
Taylor Swift "Look What You Made Me..." Do
51%
The Animals "House of the Rising..." Sun
51%
Shawn Mendes "Treat You..." Better
41%
Jessie J, B.o.B "Price..." Tag
40%
Lomepal "Yeux..." Disent
39%
Hamza, Damso "God..." Bless
38%
Bruno Mars "That's What I..." Like
37%
Bob Marley & The Wailers "I Shot The..." Sheriff
37%
Harry Styles "Sign of the..." Times
37%
Stevie Wonder "Isn't She..." Lovely
33%
Etienne Daho "Tombé pour la..." France
31%
Fugees "Killing Me Softly With His..." Song
25%
Gwen Stefani, Akon "The Sweet..." Escape
20%
Aloe Blacc "I Need A..." Dollar
19%
Avicii "For A Better..." Day
18%
Red Hot Chili Peppers "Dani..." California
12%
Dr. Dre, Eminem, Xzibit "What’s The..." Difference
8%
Mano Negra "Out of Time..." Man
2%
Aucun quiz correspondant
Distribution des résultats
% des personnes avec chaque résultat
Percentile par nombre de réponses
Votre historique - résultats
Vous n’avez pas pris ce quiz